000 00370nam a2200133Ia 4500
008 100328s9999 xx 000 0 und d
082 _b73755
100 _aनायक श्रीकांत.
245 _aमर्मभेद.
260 _bज्ञानदत्त.
630 _aमर्मभेद.
730 _aमर्मभेद.
942 _cBOOK
999 _c559476
_d559473